[Event "DSOL 03 Liga Gr-B 1st"]
[Site "Playchess.com INT"]
[Date "2020.08.10"]
[Round "2.2"]
[White "Schmidt, Peter"]
[Black "Eisheh, Jens Tarek"]
[Result "1-0"]
[WhiteElo "1893"]
[BlackElo "1901"]
[PlyCount "75"]
[EventDate "2020.06.22"]
[EventType "team-tourn (rapid)"]
[EventCountry "GER"]
[SourceTitle "EXT 2021"]
[Source "ChessBase"]
[SourceDate "2020.10.23"]
[SourceVersion "1"]
[SourceVersionDate "2020.10.23"]
[SourceQuality "1"]
[WhiteTeam "Kiel SG"]
[BlackTeam "Luebeck SV II"]
[WhiteTeamCountry "GER"]
[BlackTeamCountry "GER"]

1. e4 e5 2. f4 exf4 3. Nf3 g5 4. Nc3 Bg7 5. g3 Nc6 6. Bc4 d6 7. gxf4 g4 8. Ng5 h6 9. Bxf7+ Kf8 10. Ne6+ Bxe6 11. Bxe6 Qh4+ 12. Kf1 Qh3+ 13. Ke1 Bf6 14. Qxg4 Bh4+ 15. Kd1 Qxg4+ 16. Bxg4 Nf6 17. Bh3 a6 18. d3 Ke7 19. Be3 h5 20. Rg1 Rag8 21. Kd2 Ng4 22. Nd5+ Kd8 23. Bxg4 hxg4 24. Rg2 Ne7 25. Nxe7 Bxe7 26. f5 Rh3 27. Rag1 Bf6 28. c3 Be5 29. d4 Bxh2 30. Rxg4 Rf8 31. R1g2 Kd7 32. a4 d5 33. Rg7+ Kc8 34. Rg8 Rxg8 35. Rxg8+ Kd7 36. e5 Bg3 37. e6+ Kd6 38. Rxg3 1-0

[Event "DSOL 03 Liga Gr-B 1st"]
[Site "Playchess.com INT"]
[Date "2020.06.26"]
[Round "1.2"]
[White "Eisheh, Jens Tarek"]
[Black "Andrae, Ralf"]
[Result "0-1"]
[WhiteElo "1901"]
[BlackElo "1904"]
[PlyCount "58"]
[EventDate "2020.06.22"]
[EventType "team-tourn (rapid)"]
[EventCountry "GER"]
[SourceTitle "EXT 2021"]
[Source "ChessBase"]
[SourceDate "2020.10.23"]
[SourceVersion "1"]
[SourceVersionDate "2020.10.23"]
[SourceQuality "1"]
[WhiteTeam "Luebeck SV II"]
[BlackTeam "Bad Toelz"]
[WhiteTeamCountry "GER"]
[BlackTeamCountry "GER"]

1. e4 g6 2. Nc3 c6 3. f4 Bg7 4. Nf3 d5 5. e5 Nh6 6. Be2 Bg4 7. Nd4 Bxe2 8. Ncxe2 c5 9. Nf3 Nc6 10. 0-0 d4 11. Ng3 0-0 12. d3 f6 13. Ne4 b6 14. c3 dxc3 15. bxc3 Qd5 16. c4 Qd7 17. Bb2 fxe5 18. fxe5 Rad8 19. Nf2 Nf5 20. Qe2 Nfd4 21. Qe4 Rf4 22. Qe3 Nxf3+ 23. gxf3 Qf5 24. Nh3 Rh4 25. Nf2 Bh6 26. Qe2 Bf4 27. Ng4 h5 28. Ne3 Qg5+ 29. Ng2 Bxh2+ 0-1

[Event "Berlin Lichtenberger op 18th"]
[Site "Berlin"]
[Date "2019.08.19"]
[Round "3"]
[White "Noeldner, Julian"]
[Black "Eisheh, Jens Tarek"]
[Result "1-0"]
[WhiteElo "1975"]
[BlackElo "1779"]
[PlyCount "47"]
[EventDate "2019.08.17"]
[EventType "swiss"]
[EventRounds "9"]
[EventCountry "GER"]
[SourceTitle "EXT 2020"]
[Source "ChessBase"]
[SourceDate "2019.10.17"]
[SourceVersion "1"]
[SourceVersionDate "2019.10.17"]
[SourceQuality "1"]

1. g3 Nf6 2. Bg2 d5 3. Nf3 e6 4. 0-0 Be7 5. c4 0-0 6. b3 c6 7. Bb2 b6 8. Ne5 Bb7 9. e3 Nbd7 10. f4 Rc8 11. Qe2 c5 12. d3 Qc7 13. Nd2 Bd6 14. Ndf3 Ne8 15. Ng5 Nxe5 16. fxe5 Bxe5 17. Qh5 h6 18. Nxe6 fxe6 19. Bxe5 Qe7 20. Rxf8+ Qxf8 21. Rf1 Qe7 22. Qg6 Nc7 23. Bh3 dxc4 24. Bxc7 1-0

[Event "Berlin Lichtenberger op 17th"]
[Site "Berlin"]
[Date "2018.08.22"]
[Round "5"]
[White "Ho, Ngoc Hai Dang"]
[Black "Eisheh, Jens Tarek"]
[Result "1/2-1/2"]
[WhiteElo "1582"]
[BlackElo "1947"]
[PlyCount "107"]
[EventDate "2018.08.18"]
[EventType "swiss"]
[EventRounds "9"]
[EventCountry "GER"]
[SourceTitle "CBM 186 Extra"]
[Source "ChessBase"]
[SourceDate "2018.08.24"]
[SourceVersion "1"]
[SourceVersionDate "2018.08.24"]
[SourceQuality "1"]

1. e4 e5 2. Nf3 Nc6 3. Bc4 Nf6 4. d3 Be7 5. c3 d6 6. Bb3 0-0 7. 0-0 Na5 8. Bc2 c5 9. Nbd2 Ne8 10. Re1 Nc6 11. h3 Kh8 12. d4 cxd4 13. cxd4 a5 14. a3 Bf6 15. d5 Nb8 16. Nc4 b5 17. Ne3 g6 18. Nh2 Bg7 19. Bd3 Bd7 20. Neg4 Na6 21. f4 exf4 22. Rb1 Qb6+ 23. Kh1 f5 24. exf5 gxf5 25. Re7 Qd8 26. Qe2 fxg4 27. hxg4 Nc5 28. Bc2 a4 29. Bd2 Nf6 30. Bc3 Re8 31. Bxf6 Bxf6 32. Rxh7+ Kg8 33. Qf3 Re7 34. Rh6 Bg5 35. Rh5 Re5 36. Qd1 Ne4 37. Bxe4 Rxe4 38. Qd3 Qe7 39. Rxg5+ Qxg5 40. Qxe4 Re8 41. Qd4 Qe5 42. Nf3 Qxd4 43. Nxd4 Re4 44. Rd1 Bxg4 45. Rd2 Bd7 46. Kg1 Kf7 47. Kf2 Re5 48. Ne2 Kf6 49. Nxf4 Bg4 50. g3 Re4 51. Rd3 Rc4 52. Rc3 Rd4 53. Rd3 Rc4 54. Rc3 1/2-1/2

[Event "Berlin Lichtenberger op 17th"]
[Site "Berlin"]
[Date "2018.08.20"]
[Round "3"]
[White "Lieder, Guenter"]
[Black "Eisheh, Jens Tarek"]
[Result "1/2-1/2"]
[WhiteElo "1830"]
[BlackElo "1947"]
[PlyCount "72"]
[EventDate "2018.08.18"]
[EventType "swiss"]
[EventRounds "9"]
[EventCountry "GER"]
[SourceTitle "CBM 186 Extra"]
[Source "ChessBase"]
[SourceDate "2018.08.24"]
[SourceVersion "1"]
[SourceVersionDate "2018.08.24"]
[SourceQuality "1"]

1. c4 e5 2. Nc3 Nf6 3. g3 d5 4. cxd5 Nxd5 5. Bg2 Ne7 6. d3 g6 7. Nf3 Bg7 8. 0-0 0-0 9. Bd2 Nbc6 10. a3 Nf5 11. Rb1 Nfd4 12. b4 a6 13. Re1 Bg4 14. Nxd4 exd4 15. Ne4 Rb8 16. Nc5 Bc8 17. Nxa6 bxa6 18. Bxc6 Rb6 19. Bg2 Re8 20. Bf4 Be5 21. Bxe5 Rxe5 22. Qc2 a5 23. Rec1 Ba6 24. Bf3 axb4 25. Rxb4 c5 26. Rxb6 Qxb6 27. Rb1 Qf6 28. a4 Kg7 29. a5 c4 30. dxc4 Rxa5 31. Bd5 Bc8 32. Qd2 Ra7 33. Rd1 Bh3 34. Bg2 Bxg2 35. Kxg2 Qc6+ 36. f3 Qxc4 1/2-1/2

[Event "Berlin Lichtenberger op 17th"]
[Site "Berlin"]
[Date "2018.08.19"]
[Round "2"]
[White "Eisheh, Jens Tarek"]
[Black "Kapp, Martin"]
[Result "0-1"]
[WhiteElo "1947"]
[BlackElo "2233"]
[PlyCount "58"]
[EventDate "2018.08.18"]
[EventType "swiss"]
[EventRounds "9"]
[EventCountry "GER"]
[SourceTitle "CBM 186 Extra"]
[Source "ChessBase"]
[SourceDate "2018.08.24"]
[SourceVersion "1"]
[SourceVersionDate "2018.08.24"]
[SourceQuality "1"]

1. e4 e6 2. d4 d5 3. Nc3 Bb4 4. exd5 exd5 5. Bd3 Nf6 6. Nge2 Bg4 7. f3 Be6 8. 0-0 c5 9. Na4 c4 10. c3 cxd3 11. Qxd3 Bd6 12. Nf4 0-0 13. Nc5 Bc8 14. Qc2 Qc7 15. Ncd3 Nc6 16. Qf2 Ne7 17. Bd2 Ng6 18. g3 Bf5 19. Rfe1 Rfe8 20. Qf1 Nxf4 21. Nxf4 Qb6 22. b3 h6 23. Kg2 Qc7 24. Nd3 Qd7 25. Nf2 Rxe1 26. Rxe1 Re8 27. g4 Rxe1 28. Qxe1 Bg6 29. Qe3 Qe6 0-1

[Event "Berlin Lichtenberger op 17th"]
[Site "Berlin"]
[Date "2018.08.18"]
[Round "1"]
[White "Theilig, Reinhard"]
[Black "Eisheh, Jens Tarek"]
[Result "0-1"]
[WhiteElo "1598"]
[BlackElo "1947"]
[PlyCount "58"]
[EventDate "2018.08.18"]
[EventType "swiss"]
[EventRounds "9"]
[EventCountry "GER"]
[SourceTitle "CBM 186 Extra"]
[Source "ChessBase"]
[SourceDate "2018.08.24"]
[SourceVersion "1"]
[SourceVersionDate "2018.08.24"]
[SourceQuality "1"]

1. Nf3 Nf6 2. c4 e6 3. g3 d5 4. Bg2 Be7 5. 0-0 0-0 6. b3 c6 7. Bb2 dxc4 8. bxc4 Qb6 9. Qc2 Na6 10. d4 c5 11. Nbd2 Bd7 12. Ne5 cxd4 13. Rab1 Nb4 14. Nxd7 Nxd7 15. Qe4 e5 16. Ba3 a5 17. Bc1 Nc5 18. Qxe5 Bf6 19. Qf5 g6 20. Qf3 Qe6 21. a3 Nc6 22. Rb5 Be7 23. Bb2 Rac8 24. Re1 Rfd8 25. Ne4 Qxc4 26. Rxc5 Bxc5 27. Rc1 Qa2 28. Ng5 Be7 29. Bxd4 Nxd4 0-1

[Event "Berlin Lichtenberger op 16th"]
[Site "Berlin"]
[Date "2017.08.27"]
[Round "9"]
[White "Eisheh, Jens Tarek"]
[Black "Schaefer, Heiko"]
[Result "1/2-1/2"]
[WhiteElo "1879"]
[BlackElo "1993"]
[PlyCount "70"]
[EventDate "2017.08.19"]
[EventType "swiss"]
[EventRounds "9"]
[EventCountry "GER"]
[SourceTitle "CBM 180 Extra"]
[Source "ChessBase"]
[SourceDate "2017.10.06"]
[SourceVersion "1"]
[SourceVersionDate "2017.10.06"]
[SourceQuality "1"]

1. e4 e5 2. Nf3 Nf6 3. Nxe5 d6 4. Nf3 Nxe4 5. d4 d5 6. Bd3 Bd6 7. c4 c6 8. Nc3 0-0 9. cxd5 Nxc3 10. bxc3 Re8+ 11. Be3 cxd5 12. Qc2 h6 13. h3 Bf4 14. Ne5 Bxe3 15. Bh7+ Kf8 16. fxe3 Nc6 17. Ng6+ fxg6 18. 0-0+ Ke7 19. Qxg6 Be6 20. Qxg7+ Kd6 21. Rf6 Re7 22. Qg3+ Kd7 23. Rb1 b6 24. Bf5 Qg8 25. Rg6 Qb8 26. Qg4 Qd6 27. e4 dxe4 28. d5 Ne5 29. dxe6+ Kc7 30. Qxe4 Nxg6 31. Qxa8 Qc5+ 32. Kh1 Qxf5 33. Qxa7+ Kc8 34. Qa8+ Kc7 35. Qa7+ Kc8 1/2-1/2